| 000 | 00387pab a2200145 454500 | ||
|---|---|---|---|
| 008 | 180718b1988 xxu||||| |||| 00| 0 eng d | ||
| 100 | _aGalster, George C | ||
| 245 | _aEvaluating and redesigning subsidy policies for home rehabilitation | ||
| 260 | _c1988 | ||
| 300 | _a67-95 | ||
| 650 | _aHousing - Subsidies | ||
| 700 | _aGarry W. Hesser | ||
| 773 | _aPolicy Sciences | ||
| 909 | _a9978 | ||
| 999 |
_c9978 _d9978 |
||